Sinopsis histórica de la retórica clásica.
Salvato in:
| Altri autori: | , |
|---|---|
| Natura: | Libro |
| Lingua: | inglese |
| Pubblicazione: |
Madrid, España:
Gredos,
1989.
|
| Serie: | Biblioteca Universitaria Gredos I. Manuales,
|
| Soggetti: | |
| Tags: |
Aggiungi Tag
Nessun Tag, puoi essere il primo ad aggiungerne!!
|
MARC
| LEADER | 00000nam a22000007a 4500 | ||
|---|---|---|---|
| 003 | CL-VaPUC | ||
| 005 | 20220822114613.0 | ||
| 008 | 220713t1989 ||||| |||| 00| 0 eng d | ||
| 999 | |c 436955 |d 436953 | ||
| 020 | |a 84-249-1299-3 | ||
| 040 | |c Pontificia Universidad Católica de Valparaíso | ||
| 082 | |2 22 |a 808.009 MUR 1989 | ||
| 100 | |9 872742 |a Murphy, James J |e editor | ||
| 245 | |a Sinopsis histórica de la retórica clásica. | ||
| 260 | |a Madrid, España: |b Gredos, |c 1989. | ||
| 300 | |a 283 páginas. | ||
| 490 | |a Biblioteca Universitaria Gredos I. Manuales, |n 22. | ||
| 500 | |a c.1 Donación Familia Prof. Alejandro Guzmán Brito. | ||
| 583 | |c 20220713 |k Yessy Sthefany Diaz Vidal | ||
| 650 | 0 | |9 265653 |a Retórica antigua |x Historia | |
| 650 | 0 | |9 421069 |a Retórica griega |x Historia | |
| 650 | 0 | |9 869576 |a Retórica latina |x Historia | |
| 700 | |9 872743 |a Bocanegra, A.R. |e versión española | ||
| 942 | |2 ddc |c BK |n 0 | ||
| 952 | |0 0 |1 0 |2 ddc |4 0 |6 808_009000000000000_MUR_1989 |7 0 |8 C_AGB |9 584690 |a BIBDER |b BIBDER |d 2022-07-13 |e Donación |i 5652806 |o 808.009 MUR 1989 |p 5652806 |r 2023-01-25 |t 1 |w 2022-07-13 |y BK_US |k AGB | ||